LEADER 00678nam a2200193 i 4500 001 000000073599 003 CaOOAMICUS 005 20131021000000.0 008 131021s1837 xx u000 u fre u 013 $a44771 040 $aSeMil$bita 245 10$a1. 300 $aiv, 430 p. 773 0 $aAncillon, Johann Peter Friederich <1767-1837>$tDu juste milieu ou Du rapprochement des extrêmes dans les opinions.$dBruxelles : Société Belge de Librairie, 1837.$g1$w()18955 850 $aSeMil 852 $aSeMil$W1$xVenegono$y1$m2R I 45 FA$j39751$B39751$CSeMilBibl$Z2$F39755 $8I 941 1 $a10 961 $aRecupero: Mantegazza 996 $6245$a1$9(OLS)http://semarc/title/6508